000 00209nam a2200097Ia 4500
008 190216s9999||||xx |||||||||||||| ||und||
100 _aAyar S T
245 0 _aShishu Samrekshanam
260 _bNull
942 _cBK
999 _c24998
_d24998